Регионална библиотека "Любен Каравелов" - Русе

Химия (Запис номер 451799)

MARC детайли
000 -Лидер
Контролно поле с фиксирана дължина nam a22 a 4500
003 - Код на организацията, давaща контролен номер
Контролно поле BLK
005 - Дата и час на последна редакция
Контролно поле 20220531090653.0
008 - Елементи от данни с фиксирана дължина
fixed length control field 200311b bul|||||r ||||||| ||bul||
040 ## - Източник на каталожния запис
Идентификатор на билиотеката - собственик на записа BLK
041 ## - Код за език
Код за езика на текст/звукозапис или на отделно заглавие Руски
Код за езика КДБФ Руски
080 ## - УДК
Текстов определител УДК Химия. Кристалография. Минералогия. Вж и 577.1; 66; 612.015; 631.41
УДК код - определител по УДК 54
УДК определител (075)
УДК - код + определител 54(075)
100 ## - Редна дума - Автор
Автор Бончева, Богдана Иванова
R(LIN) 324968
139 ## - Редно поле
Редна дума Бончева, Богдана Ив. и др.
245 10 - Сведения за заглавието
Заглавие Химия
Подзаглавни данни Учебник для VIII кл. общеобраз. трудово-политехн. школы
Редно поле (дума) Богдана Ив. Бончева; съавт. Кръстьо Кулелиев; съавт. Надежда Таслакова; пер. с болг. В. Макарова
250 ## - Област на изданието
Сведения за изданието 2. изд
257 ## - Страна на издаване
Страна на създаване/издаване България
260 ## - Област на издателските данни
Място на издаване, разпространение и проч. София
Име на издателя, разпространителя и проч. Нар. просв.
Година на издаване 1964
9 (RLIN) 216179
300 ## - Физическа характеристика
Страници 114 с., 1 л.
Илюстрации и др. ил.
Размери/Мащаб 25 см
380 ## - Жанр
Жанр Естествени науки. Математика
500 ## - Общи забележки
Забележка 1. изд. 1962.
650 #0 - Допълнително описание по предмет – тема
Основно описание – тема или топоним Химия - учебници за основни училища
9 (RLIN) 251442
653 #7 - Ключова дума – ненормативна
Ключова дума учебници
9 (RLIN) 199103
653 #7 - Ключова дума – ненормативна
Ключова дума химия
9 (RLIN) 199967
700 ## - Други автори (авторска отговорност)
Лично име Кулелиев, Кръстьо
Автороска отговорност (Описва отношението между автора и произведението) съавт.
9 (RLIN) 324979
700 ## - Други автори (авторска отговорност)
Лично име Таслакова, Надежда Боева
9 (RLIN) 321024
700 ## - Други автори (авторска отговорност)
Лично име Макарова, В.
Автороска отговорност (Описва отношението между автора и произведението) пер. с болг.
9 (RLIN) 771
852 ## - Местоположение
Форматна сигнатура Цб 28995
Фондова буква Хранилище
999 ## - СИСТЕМНИ КОНТРОЛНИ НОМЕРА
Koha biblionumber 451799
Koha biblioitemnumber 451799
942 ## - АРТИКУЛИ
Вид на библиотечния материал Книги
Скрит в OPAC Не
Периодичен библиозапис Да
944 ## - СЪЗДАВАНЕ И РЕДАКЦИЯ на ЗАПИСА
Създаване/Редакция Създаване
Дата на регистрацията/редакция 2022-04-01
Служител, извършил регистрацията/редакцията Микаела Микова-Илиева
999 ## - СИСТЕМНИ КОНТРОЛНИ НОМЕРА
Koha biblioitemnumber 387835
Наличности
Код за отписване Код за изгубен артикул Източник на класификационната схема Код за повреда Коз за рестрикции Код за отдаване Артикулен № Име на библиотеката - собственик Име на библиотеката, в която се намира в момента Статус (Текущо местоположение) Дата на вписване в системата Местоположение - отдел Цена в лева Инвентарен номер Систематично азбучна сигнатура Баркод Цена в евро Служебен тип на артикула
  Не е изгубен Universal Decimal Classification Не е повреден само за читалня ползва се в читалня 880472 Регионална библиотека "Любен Каравелов" Русе Регионална библиотека "Любен Каравелов" Русе Хранилище 2022-04-05 Хранилище 0.30 1985/64 Цб 28995 900000093138 0.15 Книги
Vip Innovations Ltd, Rousse, Bulgaria 2025